000 00309nam a2200133Ia 4500
005 20260328104254.0
008 260328s9999||||xx |||||||||||||| ||und||
100 _aSchmied, Wieland
245 0 _aHundertwasser /
_cWieland Schmied
260 _bTaschen
300 _a400 p.
650 _aPINTURA
942 _cBK
999 _c10372
_d10372